Advanced computer architecture : (Record no. 49726)

MARC details
000 -LEADER
fixed length control field 01353nam a22003137a 4500
005 - DATE AND TIME OF LATEST TRANSACTION
control field 20110104111627.0
008 - FIXED-LENGTH DATA ELEMENTS--GENERAL INFORMATION
fixed length control field 110104t xxu||||| |||| 00| 0 eng d
010 ## - LCCN (DPL NO)
LC control number ENG-98017
020 ## - INTERNATIONAL STANDARD BOOK NUMBER
International Standard Book Number 9780070702103
Terms of availability 650.00
020 ## - INTERNATIONAL STANDARD BOOK NUMBER
International Standard Book Number 0070702101
Terms of availability 650.00
035 ## - SYSTEM CONTROL NUMBER
System control number EN-81550
037 ## - SOURCE OF ACQUISITION
Source of stock number/acquisition DBAD/PUB
040 ## - CATALOGING SOURCE
Original cataloging agency dpl
Language of cataloging Eng
082 00 - DEWEY DECIMAL CLASSIFICATION NUMBER
Classification number 004.35
100 1# - MAIN ENTRY--PERSONAL NAME
Personal name Hwang, Kai
9 (RLIN) 25173
245 10 - TITLE STATEMENT
Title Advanced computer architecture :
Remainder of title parallelism, scalability, programmability /
Statement of responsibility, etc by Kai Hwang [and] Naresh Jotwani
250 ## - EDITION STATEMENT
Edition statement 2nd ed
260 ## - PUBLICATION, DISTRIBUTION, ETC. (IMPRINT)
Place of publication, distribution, etc New Delhi
Name of publisher, distributor, etc Tata McGraw-Hill
Date of publication, distribution, etc 2011
270 ## - ADDRESS
Address 7 West Patel Nagar
City New Delhi
Postal code 110008
300 ## - PHYSICAL DESCRIPTION
Extent xxviii, 723 p. :
Other physical details ill.
Dimensions 24 cm (pbk)
500 ## - GENERAL NOTE
General note Includes bibliographical references and index.
650 #0 - SUBJECT ADDED ENTRY--TOPICAL TERM
Topical term or geographic name as entry element Computer architecture.
9 (RLIN) 25174
700 ## - ADDED ENTRY--PERSONAL NAME
Personal name Jotwani,Naresh
9 (RLIN) 25175
856 42 - ELECTRONIC LOCATION AND ACCESS
Materials specified Publisher description
Uniform Resource Identifier <a href="http://www.loc.gov/catdir/description/mh022/92044944.html">http://www.loc.gov/catdir/description/mh022/92044944.html</a>
856 41 - ELECTRONIC LOCATION AND ACCESS
Materials specified Table of contents
Uniform Resource Identifier <a href="http://www.loc.gov/catdir/toc/mh021/92044944.html">http://www.loc.gov/catdir/toc/mh021/92044944.html</a>
942 ## - ADDED ENTRY ELEMENTS (KOHA)
Source of classification or shelving scheme Dewey Decimal Classification
Item type English Books
Classification part 004.35
Call number suffix HWA
Holdings
Withdrawn status Lost status Source of classification or shelving scheme Damaged status Not for loan Collection code Home library Current library Date acquired Source of acquisition Cost, normal purchase price Total Checkouts Full call number Barcode Date last seen Copy number Cost, replacement price Koha item type
    Dewey Decimal Classification   Not For Loan Non-fiction D.B.Act.Division D.B.Act.Division 04/01/2011 DBAD/PUB 650.00   004.35 HWA EN-*81550 04/01/2011 1 650.00 English Books

© Delhi Public Library
Hit Counter
free hit counter